[Event "VI Memorial Nicola Palladino B"]
[Site "Milano ITA"]
[Date "2014.04.21"]
[Round "6"]
[White "Taccani Stella, Alberto"]
[Black "Pirrello, Christian"]
[WhiteElo "1362"]
[BlackElo "1662"]
[Result "0-1"]
[PlyCount "30"]
[EventDate "2014.04.17"]

1. d4 Nf6 2. Nf3 g6 3. e3 Bg7 4. Bd3 d6 5. c4 O-O 6. O-O Nbd7 7. Nbd2 e5 8.
dxe5 Nxe5 9. Nxe5 dxe5 10. Bc2 Be6 11. b3 Qe7 12. h3 Rad8 13. Qf3 e4 14. Qg3
Nh5 15. Qh2 Bxa1 0-1

[Event "VI Memorial Nicola Palladino B"]
[Site "Milano ITA"]
[Date "2014.04.21"]
[Round "7"]
[White "Baronio, Gaia"]
[Black "Carli, Federico"]
[WhiteElo "1636"]
[BlackElo "1572"]
[Result "1-0"]
[PlyCount "81"]
[EventDate "2014.04.17"]

1. e4 e5 2. Nf3 Nc6 3. Bb5 a6 4. Ba4 Nf6 5. O-O Be7 6. d3 b5 7. Bb3 d6 8. c3
Na5 9. Bc2 c5 10. Re1 Bg4 11. Nbd2 O-O 12. Nf1 h6 13. h3 Be6 14. Ne3 Qc7 15.
Nh2 Nc6 16. Nhg4 Rfe8 17. Qf3 Nxg4 18. Nxg4 b4 19. Qg3 Kh8 20. Ne3 bxc3 21.
bxc3 Bf8 22. Qf3 Rab8 23. Bd2 Rb2 24. Reb1 Reb8 25. Qd1 Rxb1 26. Rxb1 Rxb1 27.
Qxb1 Kg8 28. Bd1 Ne7 29. Bg4 Bxg4 30. Nxg4 d5 31. Qb2 f5 32. exf5 Nxf5 33. Qb3
c4 34. dxc4 dxc4 35. Qc2 g6 36. Qa4 Qc8 37. Nxe5 Nd6 38. Nxg6 Ne4 39. Bxh6 Kh7
40. Bxf8 Kxg6 41. Qc2 1-0

[Event "VI Memorial Nicola Palladino B"]
[Site "Milano ITA"]
[Date "2014.04.21"]
[Round "7"]
[White "Cagnotto, Marco"]
[Black "Botta, Massimiliano"]
[WhiteElo "1546"]
[BlackElo "1727"]
[Result "0-1"]
[PlyCount "46"]
[EventDate "2014.04.17"]

1. e4 c5 2. Nc3 d6 3. g3 g6 4. Bg2 Bg7 5. Nge2 Nc6 6. d3 a6 7. a4 Rb8 8. O-O b5
9. axb5 axb5 10. Bf4 Nf6 11. Qd2 O-O 12. Bh6 e6 13. Bxg7 Kxg7 14. h3 d5 15. f4
b4 16. Nd1 dxe4 17. Nf2 Bb7 18. Nxe4 Nxe4 19. Bxe4 Nd4 20. Bxb7 Rxb7 21. b3 Rb8
22. Ra4 Ra8 23. Rfa1 Nf3+ 0-1

[Event "VI Memorial Nicola Palladino B"]
[Site "Milano ITA"]
[Date "2014.04.21"]
[Round "7"]
[White "Carbone, Lorenzo"]
[Black "Izzo, Riccardo"]
[WhiteElo "1651"]
[BlackElo "1600"]
[Result "1-0"]
[PlyCount "149"]
[EventDate "2014.04.17"]

1. e4 e5 2. Nf3 Nc6 3. Bb5 a6 4. Ba4 Nf6 5. O-O d6 6. Re1 b5 7. Bb3 Bg4 8. c3
Na5 9. Bc2 c5 10. d3 h6 11. Be3 Be7 12. Nbd2 O-O 13. Nf1 Nc6 14. Bb3 Qc7 15.
Ng3 a5 16. h3 Bd7 17. Qd2 Kh7 18. Bc2 b4 19. d4 Rab8 20. d5 Na7 21. c4 Nc8 22.
b3 Nb6 23. Nh4 a4 24. Nhf5 axb3 25. axb3 Bxf5 26. Nxf5 Ng8 27. Ra6 Ra8 28. Rea1
Rxa6 29. Rxa6 Ra8 30. Rxa8 Nxa8 31. Bb1 Qa7 32. Qxb4 Qa1 33. Qe1 Bf8 34. Bd2 g6
35. Ne3 Nf6 36. Bc3 Qa3 37. Bc2 Nh5 38. g3 Qa6 39. Qe2 Qb7 40. Qg4 Nf6 41. Qf3
Bg7 42. Ng4 Nh5 43. Qe3 Nc7 44. Bd2 g5 45. Qf3 Ne8 46. Nxe5 Bxe5 47. Qxh5 Nf6
48. Qf3 Qe7 49. Qf5+ Kg7 50. Kg2 Qd7 51. Qxd7 Nxd7 52. f4 gxf4 53. gxf4 Bd4 54.
Kf3 Nb8 55. Ke2 Na6 56. Kd3 Bb2 57. Bd1 f6 58. f5 Ba3 59. Ke2 Bb4 60. Bf4 Nb8
61. Bxd6 Nd7 62. Kf3 Bc3 63. Bf4 Bb4 64. Kg4 Ne5+ 65. Kh5 Nf7 66. d6 Ba5 67.
Kh4 Bd8 68. Bh5 Ng5 69. e5 fxe5 70. Bxe5+ Bf6 71. Bxf6+ Kxf6 72. d7 Ke7 73. Be8
Nf3+ 74. Kh5 Ng1 75. f6+ 1-0

[Event "VI Memorial Nicola Palladino B"]
[Site "Milano ITA"]
[Date "2014.04.21"]
[Round "7"]
[White "Greco, Giovanni"]
[Black "Pirrello, Christian"]
[WhiteElo "1433"]
[BlackElo "1662"]
[Result "0-1"]
[PlyCount "80"]
[EventDate "2014.04.17"]

1. d4 Nf6 2. c4 g6 3. Nc3 Bg7 4. Bg5 O-O 5. Nf3 d6 6. e3 Nbd7 7. Be2 b6 8. O-O
c5 9. d5 a6 10. a4 Ne8 11. Qc2 Nc7 12. Rab1 Nf6 13. Bd3 Bd7 14. b3 Rb8 15. h3
b5 16. axb5 axb5 17. Ra1 b4 18. Ne4 Nxe4 19. Bxe4 Bxa1 20. Rxa1 Ra8 21. Rxa8
Nxa8 22. Bh6 Re8 23. Qb2 f6 24. Ng5 Qc8 25. Ne6 Bxe6 26. dxe6 Kh8 27. g4 Qxe6
28. g5 Qe5 29. Qc2 f5 30. Bg2 Qa1+ 31. Kh2 Nb6 32. h4 e5 33. e4 f4 34. h5 Qc3
35. Qd1 Qd4 36. Qc2 Ra8 37. Qe2 Nxc4 38. Qg4 Qxf2 39. Qe6 Qg3+ 40. Kg1 Ra1# 0-1

[Event "VI Memorial Nicola Palladino B"]
[Site "Milano ITA"]
[Date "2014.04.21"]
[Round "7"]
[White "Invernizzi, Ferruccio"]
[Black "Nassiri, Shair"]
[WhiteElo "1650"]
[BlackElo "1512"]
[Result "1-0"]
[PlyCount "119"]
[EventDate "2014.04.17"]

1. e4 d5 2. exd5 Qxd5 3. Nc3 Qa5 4. d4 Nf6 5. Bd2 c6 6. Ne4 Qb6 7. Nxf6+ exf6
8. Bc3 Bd6 9. Qe2+ Be6 10. O-O-O Nd7 11. d5 cxd5 12. Rxd5 O-O 13. Rb5 Qc7 14.
Bb4 Bf4+ 15. Kb1 Rfe8 16. Qf3 b6 17. Rh5 g6 18. Rh4 Bg5 19. Rd4 Ne5 20. Qc3 Nc6
21. Bb5 Rac8 22. Qxc6 Qxc6 23. Bxc6 Rxc6 24. Nf3 Bh6 25. Rhd1 Bf5 26. Bc3 Bg7
27. Rd8 Rc8 28. Rxe8+ Rxe8 29. Rd6 Be6 30. b3 Bf8 31. Rc6 Kg7 32. g3 Rc8 33.
Rxc8 Bxc8 34. Nd2 Bb7 35. Nc4 g5 36. Ne3 Kg6 37. Ng4 Be7 38. Kc1 h5 39. Ne3 f5
40. Kd2 Bd6 41. Nc4 Bc7 42. Ne5+ Bxe5 43. Bxe5 f4 44. gxf4 Kf5 45. Bb8 g4 46.
Bxa7 Kxf4 47. Bxb6 h4 48. Bd8 g3 49. fxg3+ hxg3 50. Bc7+ Ke4 51. hxg3 Kd4 52.
c3+ Kc5 53. a4 Bc8 54. b4+ Kc4 55. a5 Ba6 56. Be5 Kd5 57. Bd4 Bc4 58. g4 Kc6
59. Ke3 Kb5 60. Ke4 1-0

[Event "VI Memorial Nicola Palladino B"]
[Site "Milano ITA"]
[Date "2014.04.21"]
[Round "7"]
[White "Mapelli, Davide"]
[Black "Fantina, Carla"]
[WhiteElo "1485"]
[BlackElo "1435"]
[Result "1-0"]
[PlyCount "93"]
[EventDate "2014.04.17"]

1. e4 d6 2. d4 Nf6 3. Nc3 g6 4. Be3 Bg7 5. f3 h6 6. Qd2 a6 7. g4 Nbd7 8. Nh3 e5
9. O-O-O g5 10. Nf2 O-O 11. d5 b5 12. h4 Nh7 13. hxg5 Nxg5 14. Be2 Qf6 15. Rh2
Nxf3 16. Bxf3 Qxf3 17. Bxh6 Qf6 18. Bxg7 Qxg7 19. Rdh1 f6 20. Qh6 Qg5+ 21.
Qxg5+ fxg5 22. Rh8+ Kf7 23. R1h7+ Ke8 24. Rxf8+ Kxf8 25. Nh3 Nf6 26. Rxc7 Bxg4
27. Nxg5 Kg8 28. Nf7 Bf3 29. Nxd6 b4 30. Na4 Nxe4 31. Nxe4 Bxe4 32. d6 Rf8 33.
b3 Bf5 34. d7 e4 35. Kd2 Bg4 36. Ke3 Rd8 37. Nc5 a5 38. Kxe4 Kf8 39. Kd4 Ke7
40. Ra7 Bxd7 41. Rxd7+ Rxd7+ 42. Nxd7 Kxd7 43. Kc5 Kc7 44. Kb5 Kb7 45. Kxa5 Kc6
46. Kxb4 Kb6 47. c4 1-0

[Event "VI Memorial Nicola Palladino B"]
[Site "Milano ITA"]
[Date "2014.07.21"]
[Round "7"]
[White "Mazzoccoli, Simone"]
[Black "Colonetti, Fabio"]
[WhiteElo "1761"]
[BlackElo "1521"]
[Result "1-0"]
[PlyCount "49"]
[EventDate "2014.04.17"]

1. e4 Nf6 2. e5 Nd5 3. d4 d6 4. c4 Nb6 5. exd6 cxd6 6. Nc3 g6 7. Be3 Bg7 8. Nf3
O-O 9. Be2 Bg4 10. O-O d5 11. c5 Nc8 12. Qb3 Qd7 13. Qxd5 Qxd5 14. Nxd5 Nc6 15.
Rad1 Rd8 16. Nc3 Bxf3 17. Bxf3 Nxd4 18. Bxd4 Rxd4 19. Rxd4 Bxd4 20. Rd1 Bxc5
21. Rd8+ Kg7 22. Bxb7 Rb8 23. Rxc8 Rxb7 24. Rxc5 Rxb2 25. Kf1 1-0

[Event "VI Memorial Nicola Palladino B"]
[Site "Milano ITA"]
[Date "2014.04.21"]
[Round "7"]
[White "Pipitone, Filippo Massimo"]
[Black "Pasini, Nicolo'"]
[WhiteElo "1546"]
[BlackElo "1488"]
[Result "0-1"]
[PlyCount "82"]
[EventDate "2014.04.17"]

1. d4 Nf6 2. Nf3 g6 3. Nc3 d5 4. Bf4 Bg7 5. e3 b6 6. Be2 O-O 7. Qd2 e6 8. Nb5
Na6 9. Ne5 Bb7 10. Bf3 c6 11. Na3 Nc7 12. Qc3 Qe8 13. O-O Rc8 14. Qb3 Ba6 15.
Rfc1 c5 16. dxc5 bxc5 17. c3 Rb8 18. Qc2 Nb5 19. Nxb5 Bxb5 20. b3 Rc8 21. c4
Nd7 22. Nxd7 Bxd7 23. Rab1 e5 24. Bg3 e4 25. Bd1 d4 26. Bd6 d3 27. Qd2 Qd8 28.
Bxf8 Kxf8 29. a3 Qg5 30. b4 Bh3 31. g3 h5 32. bxc5 h4 33. Rb5 Be5 34. c6 hxg3
35. fxg3 Rxc6 36. Qb4+ Kg7 37. Qe1 Rf6 38. Bf3 Rxf3 39. Qd2 Qf6 40. Rcb1 Rxe3
41. Qf2 Rf3 0-1

[Event "VI Memorial Nicola Palladino B"]
[Site "Milano ITA"]
[Date "2014.04.21"]
[Round "7"]
[White "Poletto, Daniele"]
[Black "Delle Fave, Fabio"]
[WhiteElo "1765"]
[BlackElo "1777"]
[Result "1/2-1/2"]
[PlyCount "84"]
[EventDate "2014.04.17"]

1. c4 Nf6 2. Nc3 g6 3. g3 Bg7 4. Bg2 e6 5. e4 d6 6. Nge2 e5 7. d3 c6 8. O-O O-O
9. h3 Be6 10. f4 exf4 11. Nxf4 Nbd7 12. Be3 Ne5 13. Nxe6 fxe6 14. Qd2 Qe7 15.
b3 b6 16. d4 Ned7 17. Rae1 Rad8 18. Bh6 e5 19. Bxg7 Kxg7 20. Kh2 Nh5 21. a4
Rxf1 22. Rxf1 Rf8 23. Rxf8 Nxf8 24. Qf2 Nd7 25. Bf3 Qf6 26. d5 c5 27. Qe2 Qg5
28. Bxh5 gxh5 29. Nb5 Qg6 30. Nxa7 Nf6 31. Nc8 Nxe4 32. Qg2 Ng5 33. Nxb6 Qd3
34. Qf2 Qxb3 35. Nd7 Nf3+ 36. Kg2 e4 37. a5 Qxc4 38. Qb2+ Nd4 39. Qf2 Nf3 40.
Qb2+ Nd4 41. Qf2 Nf3 42. Qb2+ Nd4 1/2-1/2

[Event "VI Memorial Nicola Palladino B"]
[Site "Milano ITA"]
[Date "2014.04.21"]
[Round "7"]
[White "Romagnoli, Thomas"]
[Black "Brambilla, Luca Massimo"]
[WhiteElo "1732"]
[BlackElo "1726"]
[Result "1/2-1/2"]
[PlyCount "61"]
[EventDate "2014.04.17"]

1. e4 e6 2. d4 d5 3. Nd2 Nc6 4. Ne2 e5 5. dxe5 Nxe5 6. exd5 Qxd5 7. Nc3 Qe6 8.
Qe2 Bd7 9. f4 Ng4 10. Qxe6+ Bxe6 11. Nde4 O-O-O 12. Be2 Bb4 13. O-O N4f6 14.
Be3 Nxe4 15. Nxe4 Kb8 16. a3 Ba5 17. Ng5 Ne7 18. Nxe6 fxe6 19. Bf3 Nf5 20. Bf2
Bd2 21. g3 Be3 22. Rae1 Bxf2+ 23. Rxf2 Rhe8 24. Be4 g6 25. Kf1 c6 26. Rfe2 Nd4
27. Rd2 Nf5 28. Rxd8+ Rxd8 29. Bxf5 exf5 30. Re7 Rd2 31. Re2 1/2-1/2

[Event "VI Memorial Nicola Palladino B"]
[Site "Milano ITA"]
[Date "2014.04.21"]
[Round "7"]
[White "Taccani Stella, Alberto"]
[Black "Verderame, Alberto"]
[WhiteElo "1362"]
[BlackElo "1485"]
[Result "0-1"]
[PlyCount "36"]
[EventDate "2014.04.17"]

1. d4 c6 2. Nf3 Nf6 3. e3 d6 4. c4 d5 5. Nbd2 Bf5 6. Be2 Nbd7 7. Nh4 Bg6 8.
Nxg6 hxg6 9. h3 Qc7 10. b3 e6 11. a3 Be7 12. Bb2 O-O 13. Bd3 e5 14. dxe5 Nxe5
15. Bxe5 Qxe5 16. Qc2 Qxa1+ 17. Qd1 Qxd1+ 18. Kxd1 dxc4 0-1

[Event "II Trofeo Antica Scuola Napoletana A"]
[Site "Napoli ITA"]
[Date "2014.03.06"]
[Round "1"]
[White "Baccelliere, Antonio"]
[Black "Auletta, Pasquale"]
[WhiteElo "1700"]
[BlackElo "1557"]
[Result "1-0"]
[PlyCount "113"]
[EventDate "2014.03.06"]

1. e4 c5 2. Nf3 d6 3. d4 cxd4 4. Nxd4 Nf6 5. Nc3 a6 6. Be3 e5 7. Nf3 Be6 8. Be2
Be7 9. O-O O-O 10. Ng5 Bd7 11. Bc4 h6 12. Nf3 Qc7 13. Bb3 Bc6 14. Nd5 Nxd5 15.
Bxd5 Bxd5 16. Qxd5 Qc6 17. c4 Nd7 18. Rfd1 Nf6 19. Qxc6 bxc6 20. Nd2 Rfd8 21.
f3 d5 22. cxd5 cxd5 23. exd5 Nxd5 24. Bf2 Rab8 25. Nc4 Bf6 26. Rd2 Rbc8 27. b3
e4 28. Rad1 Nc3 29. Rxd8+ Rxd8 30. Rxd8+ Bxd8 31. fxe4 Nxe4 32. Bb6 Bxb6+ 33.
Nxb6 Nc3 34. a4 Kf8 35. Kf1 Ke7 36. Ke1 Kd6 37. Kd2 Kc6 38. Kxc3 Kxb6 39. b4
Kc7 40. Kd3 Kd7 41. h4 h5 42. Ke4 Ke6 43. b5 axb5 44. axb5 Kd6 45. b6 Kc6 46.
Ke5 Kxb6 47. Kd6 f6 48. Ke6 g5 49. hxg5 fxg5 50. Kf5 Kc7 51. Kxg5 Kd7 52. Kxh5
Ke8 53. Kg6 Kf8 54. g4 Kg8 55. g5 Kh8 56. Kf7 Kh7 57. g6+ 1-0

[Event "II Trofeo Antica Scuola Napoletana A"]
[Site "Napoli ITA"]
[Date "2014.03.06"]
[Round "1"]
[White "Baltzopoulos, Giorgos"]
[Black "Vannini, Aldo"]
[WhiteElo "2030"]
[BlackElo "1775"]
[Result "1-0"]
[PlyCount "95"]
[EventDate "2014.03.06"]

1. d4 Nf6 2. c4 g6 3. Nc3 Bg7 4. e4 d6 5. Be2 O-O 6. Nf3 Nbd7 7. O-O e5 8. Be3
Re8 9. Qc2 c6 10. Rad1 Qc7 11. b4 a5 12. a3 Nf8 13. h3 Bd7 14. c5 dxc5 15. dxe5
Nh5 16. Bxc5 Nf4 17. Bd6 Qc8 18. Bc4 N8e6 19. Ne2 axb4 20. axb4 b5 21. Bb3 Ra3
22. Nxf4 Nxf4 23. Ng5 Ne6 24. Bxe6 Bxe6 25. Nxe6 Qxe6 26. f4 Ra2 27. Qd3 Rea8
28. Rd2 R2a3 29. Qe2 Bh6 30. Rc2 Ra2 31. Rxa2 Rxa2 32. Qd3 Qd7 33. f5 Rd2 34.
Qa3 Qd8 35. Qa7 Qe8 36. Ra1 gxf5 37. exf5 Kg7 38. f6+ Kg6 39. Qa3 Bf4 40. Qf3
Rd4 41. Qg4+ Kh6 42. Qg7+ Kh5 43. Qxh7+ Bh6 44. Qf5+ Bg5 45. g4+ Kh6 46. h4 Qg8
47. hxg5+ Qxg5 48. Bf8+ 1-0

[Event "II Trofeo Antica Scuola Napoletana A"]
[Site "Napoli ITA"]
[Date "2014.03.06"]
[Round "1"]
[White "Capone, Vincenzo"]
[Black "De Rosa, Francesco"]
[WhiteElo "2192"]
[BlackElo "1917"]
[Result "0-1"]
[PlyCount "87"]
[EventDate "2014.03.06"]

1. d4 Nf6 2. c4 c5 3. d5 e6 4. Nc3 exd5 5. cxd5 d6 6. e4 g6 7. Bb5+ Bd7 8. a4
Bg7 9. Nf3 O-O 10. Nd2 Re8 11. O-O a6 12. Be2 b6 13. f4 Bc8 14. Bf3 Bb7 15. Re1
Nbd7 16. Nc4 Qb8 17. g4 h6 18. h4 Nh7 19. g5 hxg5 20. hxg5 f6 21. gxf6 Bxf6 22.
Be3 Qc7 23. Qc2 Nhf8 24. Bf2 Bd4 25. Kg2 Rac8 26. Rh1 Nf6 27. Bg3 Kf7 28. Rae1
Bxc3 29. bxc3 b5 30. Ne3 c4 31. axb5 axb5 32. e5 Qc5 33. exf6 Rxe3 34. Bf2 Rxf3
35. Bxc5 Bxd5 36. Qa2 Ra8 37. Ba7 Rxc3+ 38. Kh2 Ne6 39. Re3 Rxe3 40. Kg1 Re1+
41. Kf2 Rxh1 42. Qa6 Rah8 43. Qxd6 R8h2+ 44. Ke3 0-1

[Event "II Trofeo Antica Scuola Napoletana A"]
[Site "Napoli ITA"]
[Date "2014.03.06"]
[Round "1"]
[White "Cerrato, Roberto"]
[Black "Zinnai, Graziano Matteo"]
[WhiteElo "1777"]
[BlackElo "2032"]
[Result "0-1"]
[PlyCount "60"]
[EventDate "2014.03.06"]

1. Nf3 d5 2. d4 Nf6 3. c4 e6 4. g3 c6 5. Qc2 Bd6 6. Bg2 O-O 7. O-O Nbd7 8. b3
e5 9. dxe5 Nxe5 10. c5 Nxf3+ 11. Bxf3 Be5 12. Bb2 Bf5 13. Qc1 Bxb2 14. Qxb2 Qe7
15. b4 Be4 16. Nd2 Bxf3 17. Nxf3 Ne4 18. Rac1 f5 19. Qe5 Qd7 20. Qf4 Rae8 21.
Rfe1 Qe7 22. h4 h6 23. h5 Qf7 24. Qh4 Nf6 25. Kg2 Qxh5 26. Qd4 Qg4 27. Qd3 Nh5
28. Qd4 Re4 29. Qd2 Nf4+ 30. Kh1 Qh3+ 0-1

[Event "II Trofeo Antica Scuola Napoletana A"]
[Site "Napoli ITA"]
[Date "2014.03.06"]
[Round "1"]
[White "De Rosa, Mariagrazia"]
[Black "Esposito, Rosario"]
[WhiteElo "2054"]
[BlackElo "1832"]
[Result "1-0"]
[PlyCount "93"]
[EventDate "2014.03.06"]

1. e4 c5 2. Nf3 e6 3. d4 cxd4 4. Nxd4 Nc6 5. Nb5 d6 6. Bf4 e5 7. Be3 a6 8. N5c3
Nf6 9. Be2 Be6 10. O-O Be7 11. Nd5 Nxe4 12. Bb6 Qc8 13. Nc7+ Kf8 14. Nxa8 Qxa8
15. Bf3 Nf6 16. Nc3 Qc8 17. Nd5 Bxd5 18. Bxd5 Nb4 19. Bb3 Qc6 20. Be3 Nbd5 21.
Bg5 h6 22. Bxd5 Nxd5 23. Bxe7+ Kxe7 24. Qf3 Rc8 25. Rfe1 Nf6 26. Qxc6 Rxc6 27.
c3 Nd7 28. f4 f6 29. Rad1 f5 30. fxe5 dxe5 31. Rd5 Rd6 32. Rxd6 Kxd6 33. Rd1+
Ke6 34. Kf2 e4 35. g3 Ne5 36. b3 Ng4+ 37. Kg1 Ke5 38. Rd7 g5 39. Rxb7 e3 40. h3
Ke4 41. hxg4 f4 42. gxf4 gxf4 43. Re7+ Kd3 44. c4 Ke2 45. c5 f3 46. Rxe3+ Kxe3
47. Kf1 1-0

[Event "II Trofeo Antica Scuola Napoletana A"]
[Site "Napoli ITA"]
[Date "2014.03.06"]
[Round "1"]
[White "Schiappoli, Dario"]
[Black "Messina, Enrico"]
[WhiteElo "1915"]
[BlackElo "2172"]
[Result "1-0"]
[PlyCount "53"]
[EventDate "2014.03.06"]

1. e4 d6 2. d4 Nf6 3. Nc3 e5 4. Nf3 Nbd7 5. Bc4 Be7 6. Bxf7+ Kxf7 7. Ng5+ Kg8
8. Ne6 Qe8 9. Nxc7 Qg6 10. Nxa8 Qxg2 11. Rf1 b6 12. Qd3 h6 13. Be3 Bb7 14. Nc7
Nxe4 15. O-O-O Nxc3 16. Qxc3 Kh7 17. Rg1 Qxh2 18. Ne6 Bf6 19. Qc7 Bc8 20. Qxd6
Qh5 21. Rh1 Qf7 22. Rdg1 Be7 23. Qc6 Nb8 24. Qe4+ Kg8 25. Rxg7+ Qxg7 26. Nxg7
Kxg7 27. Qxe5+ 1-0

[Event "II Trofeo Antica Scuola Napoletana A"]
[Site "Napoli ITA"]
[Date "2014.03.06"]
[Round "1"]
[White "Soave, Vittorio"]
[Black "Russo Spena, Vincenzo"]
[WhiteElo "1626"]
[BlackElo "1493"]
[Result "1-0"]
[PlyCount "43"]
[EventDate "2014.03.06"]

1. d4 c5 2. Nf3 e6 3. c4 d5 4. Nc3 Nc6 5. e3 Nf6 6. Bd3 cxd4 7. exd4 Nxd4 8.
Nxd4 Bc5 9. Nf3 dxc4 10. Bxc4 O-O 11. O-O Bd6 12. Bg5 Qc7 13. Bxf6 gxf6 14. Bd3
a6 15. Rc1 Rd8 16. Nd5 Qb8 17. Nxf6+ Kg7 18. Nxh7 Bf4 19. Rc3 Bd7 20. Qe2 Rh8
21. Ne5 Bxe5 22. Qg4+ 1-0

[Event "II Trofeo Antica Scuola Napoletana A"]
[Site "Napoli ITA"]
[Date "2014.03.06"]
[Round "1"]
[White "Sparice, Lorenzo"]
[Black "Farina, Walter"]
[WhiteElo "1473"]
[BlackElo "1606"]
[Result "1-0"]
[PlyCount "39"]
[EventDate "2014.03.06"]

1. e4 c5 2. Nc3 Nc6 3. f4 e6 4. Nf3 a6 5. a3 Bd6 6. e5 Bc7 7. d4 cxd4 8. Nxd4
Nge7 9. Be3 d6 10. Nf3 Nf5 11. Bd4 Ncxd4 12. Nxd4 Qh4+ 13. g3 Nxg3 14. Nf3 Qh6
15. exd6 Bb6 16. Ne5 Bd7 17. Nxd7 Kxd7 18. Qf3 Nxh1 19. Qxb7+ Kxd6 20. Ne4# 1-0

[Event "II Trofeo Antica Scuola Napoletana A"]
[Site "Napoli ITA"]
[Date "2014.03.06"]
[Round "1"]
[White "Taurisano, Vincenzo"]
[Black "Seletsky, Grigory"]
[WhiteElo "1934"]
[BlackElo "2341"]
[Result "0-1"]
[PlyCount "62"]
[EventDate "2014.03.06"]

1. d4 Nf6 2. c4 g6 3. Nc3 Bg7 4. e4 d6 5. f3 O-O 6. Be3 e5 7. d5 Nh5 8. Qd2 f5
9. O-O-O Nd7 10. Bd3 Nc5 11. Bc2 a5 12. Nge2 f4 13. Bxc5 dxc5 14. Nb5 Rf7 15.
Nec3 Bf8 16. d6 c6 17. Nc7 Rb8 18. Na4 b6 19. Nxb6 Rxb6 20. Qxa5 Rb7 21. Qxc5
Qxc7 22. Qxe5 Qd8 23. Bb3 Bg7 24. Qc5 Qe8 25. e5 Rf5 26. Ba4 Bd7 27. Rhe1 Rxe5
28. Rxe5 Qxe5 29. Qxe5 Bxe5 30. Bb3 c5 31. Kc2 Rb6 0-1

[Event "II Trofeo Antica Scuola Napoletana A"]
[Site "Napoli ITA"]
[Date "2014.03.06"]
[Round "1"]
[White "Vecchione, Anna Pia"]
[Black "Di Gennaro, Antonio"]
[WhiteElo "1556"]
[BlackElo "1674"]
[Result "1-0"]
[PlyCount "63"]
[EventDate "2014.03.06"]

1. e4 c5 2. Nf3 d6 3. Bb5+ Bd7 4. Bxd7+ Qxd7 5. d4 cxd4 6. Nxd4 g6 7. Nc3 Bg7
8. O-O Nf6 9. f4 Nc6 10. Nf3 O-O 11. Be3 Rfd8 12. Qe2 Ng4 13. Rad1 Nxe3 14.
Qxe3 e6 15. e5 d5 16. Nb5 Bf8 17. Nbd4 Bc5 18. g4 Re8 19. c3 Qe7 20. g5 Qf8 21.
Ne1 Bb6 22. Qh3 Nxd4 23. cxd4 Rac8 24. Rf2 Re7 25. Ng2 Rec7 26. Ne3 Rc1 27.
Rff1 Rxd1 28. Rxd1 Rc7 29. Ng4 Qg7 30. Nf6+ Kf8 31. Qa3+ Re7 32. Rc1 1-0

[Event "II Trofeo Antica Scuola Napoletana A"]
[Site "Napoli ITA"]
[Date "2014.03.13"]
[Round "2"]
[White "Capozzoli, Silvio"]
[Black "Capone, Vincenzo"]
[WhiteElo "1743"]
[BlackElo "2192"]
[Result "0-1"]
[PlyCount "50"]
[EventDate "2014.03.06"]

1. d4 Nf6 2. Nc3 d5 3. Nf3 c5 4. e3 Nc6 5. Be2 e6 6. a3 Bd6 7. b3 O-O 8. Bb2 a6
9. dxc5 Bxc5 10. Na4 Bd6 11. Nc3 e5 12. h3 h6 13. Qd2 Be6 14. O-O-O Qe7 15. g4
Bxa3 16. g5 Ne4 17. Qe1 Nxc3 18. Qxc3 Bb4 19. Nxe5 Bxc3 20. Bxc3 Nxe5 21. Bxe5
Bf5 22. Bd4 Rac8 23. c4 dxc4 24. bxc4 Qa3+ 25. Kd2 Qb4+ 0-1

[Event "II Trofeo Antica Scuola Napoletana A"]
[Site "Napoli ITA"]
[Date "2014.03.13"]
[Round "2"]
[White "De Rosa, Francesco"]
[Black "De Rosa, Mariagrazia"]
[WhiteElo "1917"]
[BlackElo "2054"]
[Result "0-1"]
[PlyCount "80"]
[EventDate "2014.03.06"]

1. e4 c5 2. Nf3 d6 3. d4 cxd4 4. Nxd4 Nf6 5. Nc3 a6 6. Bg5 e6 7. f4 Be7 8. Qf3
Qc7 9. O-O-O Nbd7 10. g4 b5 11. a3 Rb8 12. Bxf6 Nxf6 13. g5 Nd7 14. Bh3 Nc5 15.
Qe3 b4 16. axb4 Rxb4 17. f5 h6 18. f6 gxf6 19. gxh6 Bf8 20. Nf5 exf5 21. exf5+
Qe7 22. Qf3 Bxh6+ 23. Kb1 Bb7 24. Nd5 Qe5 25. Rhe1 Ne4 26. Qa3 Rd4 27. Rxd4
Nd2+ 28. Ka2 Bxd5+ 29. Rxd5 Qxe1 30. Qa4+ Ke7 31. Qc6 Qb1+ 32. Ka3 Qa1+ 33. Kb4
Qxb2+ 34. Ka5 Qa3+ 35. Kb6 Qb4+ 36. Kxa6 Qc4+ 37. Qxc4 Nxc4 38. Rd4 Ne5 39. Bg2
Be3 40. Rd3 Rxh2 0-1

[Event "II Trofeo Antica Scuola Napoletana A"]
[Site "Napoli ITA"]
[Date "2014.03.13"]
[Round "2"]
[White "Esposito, Rosario"]
[Black "Taurisano, Vincenzo"]
[WhiteElo "1832"]
[BlackElo "1934"]
[Result "0-1"]
[PlyCount "82"]
[EventDate "2014.03.06"]

1. d4 c5 2. d5 d6 3. c4 Nf6 4. Nc3 g6 5. e4 Bg7 6. f3 O-O 7. Be3 a6 8. Qd2 Nbd7
9. g4 Ne5 10. O-O-O b5 11. h4 b4 12. Na4 Bd7 13. b3 Bxa4 14. bxa4 Qa5 15. Qc2
Rab8 16. Qb3 Nexg4 17. fxg4 Nxe4 18. Rh2 Nc3 19. Rdd2 Nxa4 20. Bd3 Nc3 21. h5
Qc7 22. hxg6 fxg6 23. Bh6 Bxh6 24. Rxh6 Qd7 25. Rg2 Rf4 26. Bxg6 hxg6 27. Rxg6+
Kf8 28. Re6 Qa4 29. Qxa4 Nxa4 30. g5 Rxc4+ 31. Kd2 Rd4+ 32. Ke3 Rxd5 33. Nf3
Kf7 34. Re4 Rg8 35. Rf4+ Ke6 36. g6 Nc3 37. g7 Rf5 38. Ng5+ Rxg5 39. Rxg5 Nd5+
40. Ke4 Nxf4 41. Kxf4 Kf6 0-1

[Event "II Trofeo Antica Scuola Napoletana A"]
[Site "Napoli ITA"]
[Date "2014.03.13"]
[Round "2"]
[White "Russo Spena, Vincenzo"]
[Black "Freda, Guido"]
[WhiteElo "1493"]
[BlackElo "1570"]
[Result "0-1"]
[PlyCount "63"]
[EventDate "2014.03.06"]

1. c4 e5 2. e4 Nf6 3. Nc3 b6 4. Nf3 Bd6 5. d3 O-O 6. Be2 Bb7 7. Nb5 Bb4+ 8. Bd2
Bxd2+ 9. Qxd2 a6 10. Nc3 d6 11. O-O Nbd7 12. Nd5 c6 13. Nxf6+ Nxf6 14. Ne1 d5
15. f4 dxe4 16. fxe5 Qd4+ 17. Rf2 e3 18. Nf3 exf2+ 19. Kf1 Qd8 20. exf6 Qxf6
21. Kxf2 c5 22. Rf1 Bxf3 23. Bxf3 Rad8 24. Kg1 Qd4+ 25. Kh1 Qxd3 26. Qf2 Qxc4
27. Be2 Qxa2 28. Bd1 Rd6 29. Bc2 Rf6 30. Bxh7+ Kh8 31. Bf5 Qc4 32. Qh4+ 0-1

[Event "II Trofeo Antica Scuola Napoletana A"]
[Site "Napoli ITA"]
[Date "2014.03.13"]
[Round "2"]
[White "Seletsky, Grigory"]
[Black "Baltzopoulos, Giorgos"]
[WhiteElo "2341"]
[BlackElo "2030"]
[Result "1-0"]
[PlyCount "53"]
[EventDate "2014.03.06"]

1. d4 d5 2. Nf3 Nf6 3. c4 e6 4. Nc3 c6 5. e3 Nbd7 6. Bd3 dxc4 7. Bxc4 b5 8. Bd3
Bb7 9. O-O a6 10. Qe2 c5 11. Rd1 Qc7 12. dxc5 Nxc5 13. Bc2 Bd6 14. a3 Ng4 15.
h3 Bh2+ 16. Kf1 h5 17. e4 Bf4 18. hxg4 Bxc1 19. Raxc1 hxg4 20. Ng1 g3 21. fxg3
Rh1 22. Kf2 Rh6 23. Qe3 Nd7 24. Bd3 Nf6 25. Nxb5 Qe5 26. Nc7+ Ke7 27. Qc5+ 1-0

[Event "II Trofeo Antica Scuola Napoletana A"]
[Site "Napoli ITA"]
[Date "2014.03.13"]
[Round "2"]
[White "Solombrino, Giovanni"]
[Black "Soave, Vittorio"]
[WhiteElo "1859"]
[BlackElo "1626"]
[Result "1-0"]
[PlyCount "37"]
[EventDate "2014.03.06"]

1. e4 e6 2. d4 d5 3. Nd2 Nf6 4. e5 Nfd7 5. Bd3 c5 6. c3 Nc6 7. Ne2 cxd4 8. cxd4
f6 9. Nf4 Nxd4 10. Qh5+ Ke7 11. Ng6+ hxg6 12. exf6+ Nxf6 13. Qxh8 Kf7 14. O-O
Nh5 15. Nb3 Qh4 16. Nxd4 Qxd4 17. Bxg6+ Kxg6 18. Qxf8 e5 19. Qe8+ 1-0

[Event "II Trofeo Antica Scuola Napoletana A"]
[Site "Napoli ITA"]
[Date "2014.03.13"]
[Round "2"]
[White "Vecchione, Anna Pia"]
[Black "Baccelliere, Antonio"]
[WhiteElo "1556"]
[BlackElo "1700"]
[Result "1/2-1/2"]
[PlyCount "28"]
[EventDate "2014.03.06"]

1. e4 e5 2. Nf3 Nc6 3. Bb5 a6 4. Ba4 Nf6 5. O-O Bc5 6. Nxe5 b5 7. Nxc6 dxc6 8.
Bb3 Nxe4 9. Qf3 Qe7 10. d3 Nxf2 11. Qxc6+ Kd8 12. Qxa8 Nh3+ 13. Kh1 Nf2+ 14.
Kg1 Nh3+ 1/2-1/2